Statistics for Top 10 Welsh PL appearances makers

Click here to take the quiz!

General Stats

  • This quiz has been taken 7 times
  • The average score is 4 of 10

Answer Stats

HintAnswer% Correct
632Giggs
100%
535Speed
80%
297Hughes
60%
211Jones
60%
346Savage
40%
215Williams
40%
294Bellamy
20%
229Pembridge
20%
303Davies
0%
294Collins
0%

Score Distribution

Percentile by Number Answered

Percent of People with Each Score

Your Score History

You have not taken this quiz